Randomized Hangman - 7 Letters - Statistics

General Stats
  • This quiz has been taken 112 times
  • The average score is 3 of 7
Answer Stats
Code Word % Correct
Word A
100%
Word A
100%
Word A
100%
Word A
100%
Word A
100%
A
100%
A
100%
A
100%
A
100%
A
100%
A
100%
A
100%
A
100%
A
100%
A
100%
A
100%
A
100%
A
100%
A
100%
Word B
100%
C
100%
Word C
100%
Word C
100%
Word D
100%
D
100%
E
100%
E
100%
E
100%
E
100%
E
100%
E
100%
E
100%
E
100%
E
100%
E
100%
E
100%
E
100%
E
100%
E
100%
E
100%
E
100%
E
100%
E
100%
E
100%
E
100%
E
100%
E
100%
E
100%
Word E
100%
Word E
100%
E
100%
E
100%
Word E
100%
G
100%
I
100%
I
100%
I
100%
I
100%
I
100%
I
100%
I
100%
I
100%
I
100%
I
100%
I
100%
L
100%
L
100%
M
100%
N
100%
N
100%
N
100%
N
100%
O
100%
O
100%
O
100%
O
100%
P
100%
R
100%
R
100%
R
100%
R
100%
R
100%
R
100%
R
100%
S
100%
S
100%
S
100%
S
100%
S
100%
T
100%
T
100%
T
100%
T
100%
T
100%
T
100%
T
100%
U
100%
V
100%
W
100%
Word C
50%
C
50%
I
50%
P
50%
E
25%
L
25%
Word A
0%
Word A
0%
Word A
0%
A
0%
Word A
0%
Word A
0%
Word A
0%
Word A
0%
Word A
0%
A
0%
Word A
0%
Word A
0%
Word A
0%
A
0%
Word A
0%
Word A
0%
Word A
0%
Word A
0%
A
0%
Word A
0%
A
0%
Word A
0%
Word A
0%
Word A
0%
Word A
0%
Word A
0%
A
0%
Word A
0%
A
0%
Word A
0%
Word A
0%
A
0%
Word A
0%
Word A
0%
Word A
0%
A
0%
Word A
0%
Word A
0%
A
0%
A
0%
A
0%
A
0%
A
0%
A
0%
A
0%
A
0%
A
0%
A
0%
A
0%
A
0%
A
0%
A
0%
A
0%
A
0%
A
0%
A
0%
A
0%
A
0%
A
0%
A
0%
A
0%
A
0%
A
0%
A
0%
A
0%
A
0%
A
0%
A
0%
A
0%
A
0%
A
0%
A
0%
A
0%
A
0%
A
0%
B
0%
B
0%
B
0%
Word B
0%
Word B
0%
Word B
0%
Word B
0%
Word B
0%
Word B
0%
Word B
0%
Word B
0%
Word B
0%
Word B
0%
Word B
0%
Word B
0%
Word B
0%
Word B
0%
Word B
0%
Word B
0%
Word B
0%
Word B
0%
B
0%
B
0%
B
0%
B
0%
B
0%
B
0%
C
0%
C
0%
C
0%
C
0%
C
0%
C
0%
C
0%
C
0%
C
0%
C
0%
C
0%
C
0%
C
0%
C
0%
C
0%
C
0%
Word C
0%
Word C
0%
Word C
0%
Word C
0%
Word C
0%
Word C
0%
Word C
0%
Word C
0%
Word C
0%
Word C
0%
Word C
0%
Word C
0%
Word C
0%
C
0%
Word C
0%
Word C
0%
Word C
0%
Word C
0%
Word C
0%
Word C
0%
Word C
0%
Word C
0%
C
0%
Word C
0%
C
0%
Word C
0%
C
0%
Word C
0%
C
0%
Word C
0%
Word C
0%
C
0%
Word C
0%
Word C
0%
Word C
0%
Word C
0%
Word C
0%
C
0%
Word C
0%
Word C
0%
Word C
0%
Word C
0%
Word C
0%
C
0%
Word C
0%
Word C
0%
Word C
0%
Word C
0%
Word C
0%
C
0%
Word C
0%
C
0%
Word C
0%
C
0%
Word C
0%
Word C
0%
Word C
0%
Word C
0%
C
0%
Word C
0%
C
0%
Word C
0%
Word C
0%
Word C
0%
Word C
0%
C
0%
Word C
0%
Word C
0%
Word C
0%
Word C
0%
C
0%
C
0%
C
0%
C
0%
C
0%
C
0%
C
0%
D
0%
D
0%
D
0%
D
0%
D
0%
D
0%
D
0%
D
0%
D
0%
D
0%
D
0%
D
0%
D
0%
D
0%
D
0%
D
0%
D
0%
D
0%
D
0%
D
0%
D
0%
Word D
0%
D
0%
D
0%
Word D
0%
Word D
0%
Word D
0%
Word D
0%
Word D
0%
Word D
0%
Word D
0%
Word D
0%
Word D
0%
Word D
0%
Word D
0%
Word D
0%
Word D
0%
Word D
0%
Word D
0%
Word D
0%
Word D
0%
Word D
0%
Word D
0%
Word D
0%
Word D
0%
D
0%
D
0%
Word D
0%
Word D
0%
Word D
0%
D
0%
E
0%
E
0%
E
0%
E
0%
E
0%
E
0%
E
0%
E
0%
E
0%
E
0%
E
0%
E
0%
E
0%
E
0%
E
0%
E
0%
E
0%
E
0%
E
0%
E
0%
E
0%
E
0%
E
0%
E
0%
E
0%
E
0%
E
0%
E
0%
E
0%
E
0%
E
0%
E
0%
E
0%
E
0%
E
0%
E
0%
E
0%
E
0%
E
0%
E
0%
E
0%
E
0%
E
0%
E
0%
E
0%
E
0%
E
0%
E
0%
E
0%
E
0%
E
0%
E
0%
E
0%
E
0%
E
0%
E
0%
E
0%
E
0%
E
0%
E
0%
E
0%
E
0%
E
0%
E
0%
E
0%
E
0%
E
0%
E
0%
E
0%
E
0%
E
0%
E
0%
E
0%
E
0%
E
0%
E
0%
E
0%
E
0%
E
0%
E
0%
E
0%
E
0%
E
0%
E
0%
E
0%
E
0%
E
0%
E
0%
E
0%
E
0%
E
0%
E
0%
E
0%
E
0%
E
0%
Word E
0%
E
0%
Word E
0%
Word E
0%
Word E
0%
E
0%
Word E
0%
Word E
0%
E
0%
E
0%
Word E
0%
F
0%
F
0%
F
0%
F
0%
F
0%
F
0%
F
0%
F
0%
F
0%
F
0%
G
0%
G
0%
G
0%
G
0%
G
0%
G
0%
G
0%
G
0%
G
0%
G
0%
G
0%
G
0%
G
0%
G
0%
G
0%
G
0%
G
0%
G
0%
G
0%
G
0%
G
0%
G
0%
G
0%
H
0%
H
0%
H
0%
H
0%
H
0%
H
0%
H
0%
H
0%
H
0%
H
0%
H
0%
H
0%
H
0%
H
0%
H
0%
I
0%
I
0%
I
0%
I
0%
I
0%
I
0%
I
0%
I
0%
I
0%
I
0%
I
0%
I
0%
I
0%
I
0%
I
0%
I
0%
I
0%
I
0%
I
0%
I
0%
I
0%
I
0%
I
0%
I
0%
I
0%
I
0%
I
0%
I
0%
I
0%
I
0%
I
0%
I
0%
I
0%
I
0%
I
0%
I
0%
I
0%
I
0%
I
0%
I
0%
I
0%
I
0%
I
0%
I
0%
I
0%
I
0%
I
0%
I
0%
I
0%
I
0%
I
0%
I
0%
I
0%
I
0%
I
0%
I
0%
I
0%
I
0%
I
0%
I
0%
I
0%
I
0%
I
0%
I
0%
I
0%
I
0%
I
0%
I
0%
I
0%
I
0%
K
0%
K
0%
K
0%
K
0%
K
0%
L
0%
L
0%
L
0%
L
0%
L
0%
L
0%
L
0%
L
0%
L
0%
L
0%
L
0%
L
0%
L
0%
L
0%
L
0%
L
0%
L
0%
L
0%
L
0%
L
0%
L
0%
L
0%
L
0%
L
0%
L
0%
L
0%
L
0%
L
0%
L
0%
L
0%
L
0%
L
0%
L
0%
L
0%
L
0%
L
0%
L
0%
L
0%
L
0%
L
0%
L
0%
L
0%
L
0%
L
0%
L
0%
L
0%
L
0%
L
0%
M
0%
M
0%
M
0%
M
0%
M
0%
M
0%
M
0%
M
0%
M
0%
M
0%
M
0%
M
0%
M
0%
M
0%
M
0%
M
0%
M
0%
M
0%
M
0%
M
0%
M
0%
M
0%
N
0%
N
0%
N
0%
N
0%
N
0%
N
0%
N
0%
N
0%
N
0%
N
0%
N
0%
N
0%
N
0%
N
0%
N
0%
N
0%
N
0%
N
0%
N
0%
N
0%
N
0%
N
0%
N
0%
N
0%
N
0%
N
0%
N
0%
N
0%
N
0%
N
0%
N
0%
N
0%
N
0%
N
0%
N
0%
N
0%
N
0%
N
0%
N
0%
N
0%
N
0%
N
0%
N
0%
N
0%
N
0%
N
0%
N
0%
N
0%
N
0%
N
0%
N
0%
N
0%
N
0%
N
0%
N
0%
N
0%
N
0%
N
0%
N
0%
N
0%
N
0%
N
0%
N
0%
N
0%
N
0%
N
0%
N
0%
N
0%
N
0%
N
0%
N
0%
N
0%
N
0%
O
0%
O
0%
O
0%
O
0%
O
0%
O
0%
O
0%
O
0%
O
0%
O
0%
O
0%
O
0%
O
0%
O
0%
O
0%
O
0%
O
0%
O
0%
O
0%
O
0%
O
0%
O
0%
O
0%
O
0%
O
0%
O
0%
O
0%
O
0%
O
0%
O
0%
O
0%
O
0%
O
0%
O
0%
O
0%
O
0%
O
0%
O
0%
O
0%
O
0%
O
0%
O
0%
O
0%
O
0%
O
0%
O
0%
O
0%
O
0%
O
0%
O
0%
P
0%
P
0%
P
0%
P
0%
P
0%
P
0%
P
0%
P
0%
P
0%
P
0%
P
0%
P
0%
P
0%
P
0%
P
0%
P
0%
P
0%
P
0%
P
0%
P
0%
Q
0%
R
0%
R
0%
R
0%
R
0%
R
0%
R
0%
R
0%
R
0%
R
0%
R
0%
R
0%
R
0%
R
0%
R
0%
R
0%
R
0%
R
0%
R
0%
R
0%
R
0%
R
0%
R
0%
R
0%
R
0%
R
0%
R
0%
R
0%
R
0%
R
0%
R
0%
R
0%
R
0%
R
0%
R
0%
R
0%
R
0%
R
0%
R
0%
R
0%
R
0%
R
0%
R
0%
R
0%
R
0%
R
0%
R
0%
R
0%
R
0%
R
0%
R
0%
R
0%
R
0%
R
0%
R
0%
R
0%
R
0%
R
0%
R
0%
R
0%
R
0%
R
0%
R
0%
R
0%
R
0%
R
0%
R
0%
R
0%
R
0%
S
0%
S
0%
S
0%
S
0%
S
0%
S
0%
S
0%
S
0%
S
0%
S
0%
S
0%
S
0%
S
0%
S
0%
S
0%
S
0%
S
0%
S
0%
S
0%
S
0%
S
0%
S
0%
S
0%
S
0%
S
0%
S
0%
S
0%
S
0%
S
0%
S
0%
S
0%
S
0%
S
0%
S
0%
S
0%
S
0%
S
0%
S
0%
T
0%
T
0%
T
0%
T
0%
T
0%
T
0%
T
0%
T
0%
T
0%
T
0%
T
0%
T
0%
T
0%
T
0%
T
0%
T
0%
T
0%
T
0%
T
0%
T
0%
T
0%
T
0%
T
0%
T
0%
T
0%
T
0%
T
0%
T
0%
T
0%
T
0%
T
0%
T
0%
T
0%
T
0%
T
0%
T
0%
T
0%
T
0%
T
0%
T
0%
T
0%
T
0%
T
0%
T
0%
T
0%
T
0%
T
0%
T
0%
T
0%
T
0%
T
0%
T
0%
T
0%
T
0%
T
0%
T
0%
T
0%
T
0%
T
0%
T
0%
T
0%
T
0%
T
0%
T
0%
T
0%
T
0%
T
0%
T
0%
T
0%
T
0%
U
0%
U
0%
U
0%
U
0%
U
0%
U
0%
U
0%
U
0%
U
0%
U
0%
U
0%
U
0%
U
0%
U
0%
U
0%
U
0%
U
0%
U
0%
U
0%
U
0%
U
0%
U
0%
U
0%
U
0%
U
0%
U
0%
U
0%
V
0%
V
0%
V
0%
V
0%
V
0%
V
0%
V
0%
V
0%
V
0%
V
0%
V
0%
V
0%
V
0%
V
0%
W
0%
X
0%
X
0%
Y
0%
Y
0%
Y
0%
Y
0%
Y
0%
Y
0%
Y
0%
Y
0%
Y
0%
Y
0%
Y
0%
Y
0%
Y
0%
Y
0%
Y
0%
Y
0%
Y
0%
Y
0%
Y
0%
Y
0%
Y
0%
Y
0%
No matching quizzes found
Score Distribution
Percent of People with Each Score
Percentile by Number Answered
Your Score History
You have not taken this quiz